Scorpions songs - sudden death - Statistics

General Stats
  • This quiz has been taken 69 times
  • The average score is 10 of 20
Answers on the Grid
Answers color-coded by a green-red scale on the quiz's grid according to % correct below.
Wind of change
Rock you like a hurricane
Still loving you
Send me an angel
No one like you
Tease me please me
Lovedrive
Big city nights
Always somewhere
Don't believe her
Holiday
The ZOO
When the smoke is going down
Blackout
Crazy World
Can't live without you
Rhythm of love
Believe in love
Bad boys running wild
Walking on the edge
You give love a bad name
Only lonely
Wild is the wind
Jump
I can't live with you
My life has been saved
You don't fool me
Blaze of glory
Hold the line
Rebel-rebel
The way old friends do
Rock you like a cyclone
 
Answer Stats
Answer % Correct
Wind of change
72%
Rock you like a hurricane
68%
Send me an angel
68%
Still loving you
68%
Big city nights
64%
No one like you
64%
Holiday
56%
The ZOO
56%
Blackout
52%
Tease me please me
52%
Rhythm of love
44%
Always somewhere
40%
Crazy World
40%
Lovedrive
40%
Bad boys running wild
36%
Believe in love
32%
When the smoke is going down
32%
Can't live without you
28%
Don't believe her
20%
Walking on the edge
20%
No matching quizzes found
Score Distribution
Percent of People with Each Score
Percentile by Number Answered
Your Score History
You have not taken this quiz